Chomskys universal grammar (Record no. 167409)

MARC details
000 -LEADER
fixed length control field 00694nam a2200253Ia 4500
003 - CONTROL NUMBER IDENTIFIER
control field OSt
005 - DATE AND TIME OF LATEST TRANSACTION
control field 20251210185504.0
008 - FIXED-LENGTH DATA ELEMENTS--GENERAL INFORMATION
fixed length control field 210423s2008 xx 000 0 und d
020 ## - INTERNATIONAL STANDARD BOOK NUMBER
International Standard Book Number 978-81-265-1747-3
040 ## - CATALOGING SOURCE
Transcribing agency AL
041 ## - LANGUAGE CODE
Language code of text/sound track or separate title English
082 ## - DEWEY DECIMAL CLASSIFICATION NUMBER
Classification number 415
Item number COOC
100 ## - MAIN ENTRY--PERSONAL NAME
Personal name Cook V J
9 (RLIN) 114283
245 ## - TITLE STATEMENT
Title Chomskys universal grammar
Remainder of title : an introduction
250 ## - EDITION STATEMENT
Edition statement 3
260 ## - PUBLICATION, DISTRIBUTION, ETC.
Place of publication, distribution, etc. New Delhi
Name of publisher, distributor, etc. Wiley India Pvt Ltd
Date of publication, distribution, etc. 2008
300 ## - PHYSICAL DESCRIPTION
Extent vii,326P.
Other physical details PB
Dimensions 24x17cm.
365 ## - TRADE PRICE
Price amount 795
Currency code INR
650 ## - SUBJECT ADDED ENTRY--TOPICAL TERM
Topical term or geographic name entry element Language
9 (RLIN) 114284
650 ## - SUBJECT ADDED ENTRY--TOPICAL TERM
Topical term or geographic name entry element Linguistics
9 (RLIN) 114285
700 ## - ADDED ENTRY--PERSONAL NAME
Personal name Newson, Mark
9 (RLIN) 248724
906 ## - LOCAL DATA ELEMENT F, LDF (RLIN)
a an ; Chomskys ; Ed ; grammar: ; introduction ; universal
942 ## - ADDED ENTRY ELEMENTS (KOHA)
Source of classification or shelving scheme Dewey Decimal Classification
Koha item type Book
Holdings
Withdrawn status Lost status Damaged status Not for loan Collection code Home library Current library Date acquired Source of acquisition Cost, normal purchase price Total Checkouts Full call number Barcode Date last seen Price effective from Koha item type
        MA English St Aloysius PG Library St Aloysius PG Library 12/03/2015 Prajwal book distributors 795.00   415 COOC PG013910 08/24/2022 04/26/2021 Book